书目信息 |
| 题名: |
土壤的电化学性质及其研究法
|
|
| 作者: | 于天仁 编著 | |
| 分册: | ||
| 出版信息: | 北京 科学出版社 1976 |
|
| 页数: | 632页 | |
| 开本: | 20cm | |
| 丛书名: | ||
| 单 册: | ||
| 中图分类: | S153.2 | |
| 科图分类: | ||
| 主题词: | 土壤电化学 | |
| 电子资源: | ||
| ISBN: | ||
| 000 | 00643nam0 2200241 45 | |
| 001 | 0176002100 | |
| 005 | 20061122153705.62 | |
| 010 | @dCNY2.50 | |
| 091 | @a13031.391 | |
| 100 | @a19951014d1976 em y0chiy0121 ea | |
| 101 | 0 | @achi |
| 102 | @aCN@b110000 | |
| 105 | @ay z 000yy | |
| 200 | 10 | @a土壤的电化学性质及其研究法@Atu rang de dian hua xue xing zhi ji ji yan jiu fa@f于天仁等编著 |
| 205 | @a2版 | |
| 210 | @a北京@c科学出版社@d1976 | |
| 215 | @a632页@d20cm | |
| 606 | @a土壤电化学 | |
| 690 | @aS153.2@v3 | |
| 701 | 0 | @a于天仁@Ayu tian ren@4编著 |
| 801 | 2 | @aCN@bNLC@c20061122 |
| 801 | 0 | @aCN@bTSSF |
| 905 | @a10447@dS153.2@e4=2 | |
| 土壤的电化学性质及其研究法/于天仁等编著.-2版.-北京:科学出版社,1976 |
| 632页;20cm |
| ISBN :CNY2.50 |
| ● |
| 相关链接 |
|
|
|
|
正题名:土壤的电化学性质及其研究法
索取号:S153.2/4=2
 
预约/预借
| 序号 | 登录号 | 条形码 | 馆藏地/架位号 | 状态 | 备注 |
| 1 | 0016614 | 000717530 | 第二样本阅览室/ [索取号:S153.2/4=2] | 在馆 |